000 00629nam a2200241 i 4500
001 bgj
100 1 _aTIECK, Ludwig.
245 1 0 _aLudwig Tieck /
_chrsg. von Uwe Schweikert.
260 _aMünchen :
_bHeimeran,
_ccop. 1971.
300 _a361 s. ;
_c21 cm.
490 1 _aDichter über ihre Dichtungen
_vBd. 9/2
650 9 _aLiteratura niemiecka
700 1 _aSCHWEIKERT, Uwe.
830 _aDichter über ihre Dichtungen
020 _a3776530217
040 _cBPK
041 0 _ager
044 _aDEU
080 _a821.112.2
920 _a3-7765-3021-7
942 _cKS
008 s gw f |000 0 ger
999 _c50274
_d50274
856 _uhttp://koha.tu.koszalin.pl/cgi-bin/koha/opac-detail.pl?biblionumber=50274
_yKatalog online BPK